| 000 | 00767nam a2200289Ia 4500 | ||
|---|---|---|---|
| 001 | 7628 | ||
| 008 | 191123s9999 xx 000 0 und d | ||
| 041 | _aspa | ||
| 044 | _aag | ||
| 245 | 0 | _aAlberto Bastón Díaz. | |
| 260 |
_aBuenos Aires : _bFondo Nacional de la Artes, _c2003. |
||
| 300 |
_a8 p. _bilus. color |
||
| 500 | _aDonación de la profesora Nelly Perazzo. Muestra realizada del 26 de agosto al 12 de septiembre de 1997 | ||
| 650 | _aBASTON DIAZ, ALBERTO | ||
| 650 | _aESCULTOR | ||
| 650 | _aESCULTURAS | ||
| 710 | _aFondo Nacional de las Artes. Buenos Aires | ||
| 902 | _aM | ||
| 903 | _am | ||
| 904 | _am | ||
| 907 | _aimpreso | ||
| 911 | _ailus. color | ||
| 912 | _a2003 | ||
| 942 | _cLIBRO | ||
| 999 |
_c5345 _d5345 |
||
| 550 | _ailus. color | ||